| 000 | 00368nam a2200121Ia 4500 | ||
|---|---|---|---|
| 005 | 20251222144825.0 | ||
| 008 | 251222s9999||||xx |||||||||||||| ||spa|| | ||
| 082 | _a352.098.5/A46 | ||
| 100 | _aAlthaus Guarderas, Jaime de | ||
| 245 | 0 | _aRealidad de las Municipalidades en el Perú | |
| 264 | _bInstituto Latinoamericano de Promoción Comunal y Municipal | ||
| 942 | _cLIB | ||
| 999 |
_c20619 _d20619 |
||